La ilustración en américa colonial
Saved in:
| Main Authors: | , , |
|---|---|
| Format: | Bog |
| Sprog: | spansk |
| Udgivet: |
Madrid
Consejo Superior de Investigaciones Científicas
1995
|
| Serier: | Colección Actas
|
| Fag: | |
| Tags: |
Tilføj Tag
Ingen Tags, Vær først til at tagge denne postø!
|
MARC
| LEADER | 00000nam a2200000 a 4500 | ||
|---|---|---|---|
| 001 | UCU9596 | ||
| 003 | CL-VaPUC | ||
| 008 | 960823e19950000SP |||||||||||||||||spa|d | ||
| 082 | 0 | 4 | |a 980 |b SOT |2 21 |
| 100 | 0 | |a Soto Arango, Diana |e author |9 368837 | |
| 700 | 0 | |a Puig Samper, Miguel Angel |e author |9 368838 | |
| 700 | 0 | |a Arboleda, Luis Carlos |e author |9 368839 | |
| 245 | 1 | 3 | |a La ilustración en américa colonial |
| 300 | |a 233 p | ||
| 942 | |c BK | ||
| 945 | |d 19960823 00:00:00 |a nastorga | ||
| 260 | |a Madrid |b Consejo Superior de Investigaciones Científicas |c 1995 | ||
| 650 | 0 | |a Historia |9 255047 | |
| 650 | 0 | |a Ciencia |9 255691 | |
| 650 | 0 | |a Tecnología |9 256742 | |
| 650 | 0 | |a Expediciones científicas |9 265222 | |
| 650 | 0 | |a Botánica |9 264202 | |
| 650 | 0 | |a Enseñanza |9 256457 | |
| 650 | 0 | |a Colonialismo |9 316469 | |
| 650 | 7 | |a COLONIAS |2 CL-VaPUC |9 258570 | |
| 650 | 0 | |a Historiografía |9 257871 | |
| 651 | 0 | |a América |9 255182 | |
| 651 | 0 | |a Argentina |9 254888 | |
| 651 | 7 | |a CUBA |2 CL-VaPUC |9 255263 | |
| 651 | 0 | |a Venezuela |9 254993 | |
| 651 | 0 | |a Perú |9 256567 | |
| 583 | |a last modification |c 19960823 00:00:00 |k Rodrigo Vera | ||
| 490 | 0 | |a Colección Actas | |
| 999 | |c 251308 |d 251306 | ||
| 952 | |0 0 |1 0 |4 0 |6 980_000000000000000_SOT_1995 |7 0 |8 A |9 270383 |a BIBHIS |b BIBHIS |d 2019-11-19 |i 3224120 |l 3 |o 980 SOT 1995 |p 3224120 |r 2025-01-20 |s 2022-06-28 |w 2019-11-19 |y BK |k HIS | ||